Score 0/24 Timer 04:00
0 Plays Today
BOOK TITLE ANSWER % Correct
The Girl with the ____ TattooDragon
95.4%
Gone With the ____Wind
94.7%
Gulliver's ____Travels
93.4%
The Grapes of ____Wrath
91.8%
Green ____ and HamEggs
91.7%
A Game of ____Thrones
91%
The Great ____Gatsby
88.9%
A Good Man Is Hard to ____ and Other StoriesFind
83.4%
Go Tell It On the ____Mountain
82%
Great ____Expectations
79.4%
The Giving ____Tree
77.1%
The Green ____Mile
75.9%
BOOK TITLE ANSWER % Correct
Goodnight ____Moon
53.6%
The God Of ____ ThingsSmall
28.7%
Gravity's ____Rainbow
25.8%
Goodnight ____ TomMister
24.3%
The Gulag ____Archipelago
23.9%
George's Marvellous ____Medicine
22.6%
The God ____Delusion
20%
Goodbye to All ____That
12.6%
The Good ____Soldier
9%
The Golden ____Notebook
8.1%
Goodbye to ____Berlin
7.9%
The General in His ____Labyrinth
6.3%

Today's Daily Dose

Remove Ads.
Support Sporcle.
Get the best of Sporcle when you Go Orange. This ad-free experience offers more features, more stats, and more fun while also helping to support Sporcle. Thank you for becoming a member.

You're not logged in!

Compare scores with friends on all Sporcle quizzes.
OR
Log In

Show Comments

Extras

Top Quizzes Today


Score Distribution

Your Account Isn't Verified!

In order to create a playlist on Sporcle, you need to verify the email address you used during registration. Go to your Sporcle Settings to finish the process.

Report this User

Report this user for behavior that violates our Community Guidelines.

Details: